Estate agriculture, capitalist development and the state: the specificity of comtemporary Costa Rica /
Guardat en:
| Autor principal: | |
|---|---|
| Format: | Thesis |
| Publicat: |
Toronto:
University of Toronto
|
| Etiquetes: |
Afegir etiqueta
Sense etiquetes, Sigues el primer a etiquetar aquest registre!
|
MARC
| LEADER | 00000 a a2200000 04500 | ||
|---|---|---|---|
| 001 | 23103 | ||
| 003 | |||
| 040 | |a CRAI/IIS |c CRAI/IIS | ||
| 090 | |a 14944.00 | ||
| 100 | |a Robert Winson, Anthony | ||
| 245 | |a Estate agriculture, capitalist development and the state: |b the specificity of comtemporary Costa Rica / |c Anthony Robert Winson | ||
| 260 | |a Toronto: |b University of Toronto | ||
| 300 | |a 345 p |b mapáginas | ||
| 502 | |a Tesis (Doctor of pshilosophy) -- University of Toronto, 1981 | ||
| 999 | |c 18020 |d 18020 | ||
